Statystyki dla Wielki Quiz o Heroes of Might & magic III: complete

Kliknij tutaj aby rozwiązać quiz!

Ogólne statystyki

  • Ten quiz został rozwiązany 349 razy
  • Średni wynik to 37 z 50

Statystyki odpowiedzi

ZagadnienieOdpowiedź% Poprawnych
Który zamek został dodany do gry najpóźniej ?Wrota żywiołów
97%
W którym zamku występuję Diamentowy golem ?w żadnym
97%
Jakie zaklęcie rzuca na sojuszników Ogr Szaman ?Żądza krwi
97%
Ile pieniędzy dziennie dostarcza nam Kapitol ?4000
93%
Którą z tych rzeczy musimy wybudować, aby podczas obrony zamku mieć do dyspozycji wszystkie 3 wieże strzelnicze ?Zamek
93%
Ile poziomów Gildii Magów możemy wybudować maksymalnie ?5
92%
Ile punktów many przywraca studnia ?Przywraca maksymalną ilość punktów many Bohatera
92%
Jaka jest Najsłabsza jednostka w grze ?Chłop
91%
jednostka poziomu czwartego w twierdzy to:Ogr/Ogr szaman
91%
Co daje nam umiejętność "Dowodzenie" ?Zwiększa Morale armii
91%
Do czego służą Sale Walhalli, które możemy wybudować w Twierdzy ?zwiększają o +1 zdolność ataku każdego bohatera, który odwiedzi miasto
90%
Czego nie możemy znaleźć w skrzyni skarbów ?Klejnotów
89%
Ile monet kosztuje księga zaklęć ?500
88%
Ile drewna dziennie generuje tartak ?2
87%
Jakim bohaterem gramy w Kampanii "Pogromca Smoków" ( Kampania Armageddon's Blade)Dracon
87%
Ile punktów Doświadczenia dodaje Kamień wiedzy ?1000
86%
Która z tych jednostek jest neutralna ?Czarodziej
86%
Po walce z jakimi jednostkami dostajemy najwięcej doświadczenia ?Błękitny Smok
84%
Który z tych smoków ma najwięcej Punktów życia ?Czarny Smok
82%
Jaka jest najszybsza jednostka w grze ?Feniks
82%
Czym specjalizuje się Gelu ?Strzelcami
82%
Który z tych Bohaterów NIE należy do twierdzy ?Pyre
81%
Co robi artefakt " Rękawice Jeźdźca" ?Zwiększają punkty ruchu bohatera na lądzie o 300 punktów.
81%
Gdy spotkamy siedlisko Diabłów na mapie, to ilu Diabłów musimy pokonać, żeby zdobyć to siedlisko ?3
80%
Które z tych zaklęć kosztuje bazowo NAJMNIEJ punktów many ?Magiczna Strzała
80%
Jaka jest główna postać kampanii "The Shadow of Death" ?Sandro
78%
Co robi Obóz najemników, którego możemy spotkać na mapie ?dodaje +1 do ataku
76%
Jakiego surowca nie produkuje wiatrak ?Drewna
76%
Który z tych czarów NIE nalezy do zaklęć poziomu 5Berserk
74%
Jaką specjalność ma Rusałka ?Blokuje Kontratak
74%
Która z tych jednostek ma największą statystykę Ataku ?Błękitny Smok
70%
Ile punktów obrony dodaje Kamienna wieża ?1
69%
Który artefakt daje bohaterowi najwięcej punktów ataku ?Niszczycielska Maczuga Ogrów
69%
Ile kosztuje kupienie statku w stoczni ?1000 złota i 10 drewna
68%
Wataha, ile to jednostek ?100-249
66%
Ile zamków jest w grze ?9
66%
Co robi teren "Magiczna Ziemia"Sprawia, że wszystkie czary są na Poziomie Mistrzowskim
66%
Ile tygodniowo jednostek poziomu szóstego możemy generować podstawowo ?2
64%
Ile kosztuje Behemot ?1500
62%
Co generuje magazyn zasobów w Cytadeli ?1 sąg drewna i 1 wóz rudy
62%
Ile % odporności na magię ma Krasnolud ?20
59%
Co produkuje Kuźnia w Nekropolii ?Namiot medyka
57%
Czym specjalizuje się Roland ?Zbrojnymi
54%
Za ile sztuk złota możemy kupić odkrycie całej mapy u Kartografa ?1000
53%
Która z tych jednostek ma najwięcej punktów obrony ?Upiorny Rycerz
53%
Ile jest Jednostek neutralnych ?15
48%
Co robi Syrena, którą możemy spotkać na wodzie ?Zwiększa szczęście o 1
42%
Co robi pobojowisko ?Zwiększa szczęście i morale o 1
37%
Ile kosztuje złe oko ?250
34%
Ile klejnotów kosztuje stworzenie Świątyni Obłoków ?10
33%

Rozkład punktacji

Percentyl według liczby udzielonych odpowiedzi

Procent ludzi z każdym wynikiem

Twoja historia wyników

Nie rozwiązałeś tego quizu